Rubber clone improvement in the upper Northeast of Thailand (Record no. 67517)

MARC details
000 -LEADER
fixed length control field 00497nam a2200121Ia 4500
100 ## - MAIN ENTRY--AUTHOR NAME
Personal name Ratanawong Ratchance
245 #0 - TITLE STATEMENT
Title Rubber clone improvement in the upper Northeast of Thailand
260 ## - PUBLICATION, DISTRIBUTION, ETC. (IMPRINT)
Name of publisher Proceedings of IRRDB Conference: NR Industry: Responding to Globalization, 7-8 September 2004, Kunming International Convention & Exhibition Center, China. pp.30-32.
650 ## - SUBJECT ADDED ENTRY--TOPICAL TERM
Topical Term Rubber clone improvement
700 ## - ADDED ENTRY--PERSONAL NAME
Personal name Lekawipat Napawan
942 ## - ADDED ENTRY ELEMENTS (KOHA)
Koha item type Journals
Holdings
Withdrawn status Lost status Damaged status Not for loan Home library Current library Shelving location Date acquired Koha item type
      Journals RRII Library RRII Library Biotechnology 17/12/2021 Journals